[Event "24. Open Internacional de Gros 2014 "]
[Site "San Sebastián ESP"]
[Date "2014.09.21"]
[Round "1.1"]
[White "Cruz, Cristhian"]
[Black "Orube Bona, Andoni"]
[Result "1-0"]
[WhiteElo "2569"]
[BlackElo "1779"]
[PlyCount "61"]
[EventDate "2014.09.21"]
[EventType "swiss"]
[EventRounds "8"]
[EventCountry "ESP"]
[Source "lmi"]
[SourceDate "2014.09.21"]

1. d4 Nf6 2. c4 e6 3. g3 Bb4+ 4. Bd2 Qe7 5. Bg2 Nc6 6. e3 O-O 7. Ne2 Bxd2+ 8.
Nxd2 d6 9. O-O e5 10. d5 Nb8 11. Nc3 a5 12. a3 Bg4 13. Qc2 Na6 14. h3 Bd7 15.
Rfe1 Rfd8 16. Nf1 c6 17. dxc6 Bxc6 18. e4 Rac8 19. Ne3 b5 20. cxb5 Bxb5 21.
Rad1 Qb7 22. Nf5 Qc7 23. Qd2 Bc4 24. Nxg7 Kxg7 25. Qg5+ Kf8 26. Qxf6 Nc5 27.
Nd5 Bxd5 28. exd5 Rb8 29. Rxe5 dxe5 30. d6 Qd7 31. Qh8# 1-0

[Event "24. Open Internacional de Gros 2014 "]
[Site "San Sebastián ESP"]
[Date "2014.09.21"]
[Round "1.2"]
[White "Arri Martinez, Iker"]
[Black "Kogan, Artur"]
[Result "0-1"]
[WhiteElo "1694"]
[BlackElo "2544"]
[PlyCount "42"]
[EventDate "2014.09.21"]
[EventType "swiss"]
[EventRounds "8"]
[EventCountry "ESP"]
[Source "lmi"]
[SourceDate "2014.09.21"]

1. e4 c5 2. Nf3 Nc6 3. g3 Nf6 4. d3 d5 5. Nbd2 Bg4 6. Bg2 e6 7. O-O Qc7 8. Re1
O-O-O 9. exd5 exd5 10. h3 Bh5 11. g4 Bg6 12. Nb3 Bd6 13. d4 c4 14. Nbd2 Nb4 15.
Ne5 Bxc2 16. Qf3 Bg6 17. Nxg6 fxg6 18. Qc3 Nd3 19. Rf1 h5 20. g5 Bh2+ 21. Kh1
Ng4 0-1

[Event "24. Open Internacional de Gros 2014 "]
[Site "San Sebastián ESP"]
[Date "2014.09.21"]
[Round "1.3"]
[White "Cruz, Filemon"]
[Black "Alfaro Garcia Del Cerro, Juan"]
[Result "1-0"]
[WhiteElo "2442"]
[BlackElo "1687"]
[PlyCount "69"]
[EventDate "2014.09.21"]
[EventType "swiss"]
[EventRounds "8"]
[EventCountry "ESP"]
[Source "lmi"]
[SourceDate "2014.09.21"]

1. Nf3 Nf6 2. c4 e6 3. b3 b6 4. Bb2 Bb7 5. e3 Be7 6. Be2 O-O 7. Qc2 d6 8. O-O
c5 9. d3 Nbd7 10. Nbd2 Qc7 11. Rac1 Rac8 12. Qb1 Qb8 13. Qa1 Qa8 14. Rfe1 Rfd8
15. Bf1 Bf8 16. e4 a6 17. h3 b5 18. g3 b4 19. Bg2 a5 20. a4 e5 21. Nf1 g6 22.
Ne3 Bh6 23. Rcd1 Bxe3 24. Rxe3 Nf8 25. Re2 Ne6 26. Rf1 Nh5 27. Qc1 Kg7 28. Qe3
h6 29. Ree1 g5 30. Nh2 f6 31. Bf3 Kg6 32. Bxh5+ Kxh5 33. Qf3+ Kg6 34. Qf5+ Kf7
35. Ng4 1-0

[Event "24. Open Internacional de Gros 2014 "]
[Site "San Sebastián ESP"]
[Date "2014.09.21"]
[Round "1.4"]
[White "Lazkano Gaite, Tomas"]
[Black "Argandona Riveiro, Inigo"]
[Result "0-1"]
[WhiteElo "1686"]
[BlackElo "2434"]
[PlyCount "48"]
[EventDate "2014.09.21"]
[EventType "swiss"]
[EventRounds "8"]
[EventCountry "ESP"]
[Source "lmi"]
[SourceDate "2014.09.21"]

1. d4 g6 2. c4 Bg7 3. Nc3 d6 4. e4 Nc6 5. Nf3 Bg4 6. Be3 e5 7. d5 Nd4 8. Bxd4
exd4 9. Nb1 c5 10. dxc6 bxc6 11. Nbd2 Ne7 12. Be2 d3 13. Bxd3 Bxb2 14. Rb1 Bc3
15. Qb3 Qa5 16. Rc1 Bb4 17. Rc2 Bxf3 18. gxf3 Rb8 19. Ke2 O-O 20. Nb1 Rfe8 21.
Rg1 Nf5 22. Qb2 Bc5 23. Qc3 Nd4+ 24. Kf1 Rxb1+ 0-1

[Event "24. Open Internacional de Gros 2014 "]
[Site "San Sebastián ESP"]
[Date "2014.09.21"]
[Round "1.5"]
[White "Del Rey, Diego"]
[Black "Jauregi Barandiaran, Jon"]
[Result "1-0"]
[WhiteElo "2365"]
[BlackElo "1667"]
[PlyCount "61"]
[EventDate "2014.09.21"]
[EventType "swiss"]
[EventRounds "8"]
[EventCountry "ESP"]
[Source "lmi"]
[SourceDate "2014.09.21"]

1. d4 d6 2. c4 e5 3. Nc3 Nf6 4. e4 Be7 5. d5 O-O 6. Bd3 c6 7. Nge2 Nbd7 8. O-O
a5 9. Ng3 Nc5 10. Bc2 Bg4 11. f3 Bd7 12. Be3 Na6 13. dxc6 bxc6 14. Ba4 Rb8 15.
Qd2 Qc7 16. Rac1 Be6 17. Nd5 Bxd5 18. cxd5 c5 19. Nf5 Rb4 20. b3 Bd8 21. Nxg7
Kxg7 22. Bh6+ Kh8 23. Bxf8 Be7 24. Qh6 Bxf8 25. Qxf8+ Ng8 26. f4 Rb8 27. Be8
Qd8 28. fxe5 Qxe8 29. Qxd6 Ra8 30. e6 fxe6 31. Qe5+ 1-0

[Event "24. Open Internacional de Gros 2014 "]
[Site "San Sebastián ESP"]
[Date "2014.09.21"]
[Round "1.6"]
[White "Veras Sanz, Jose Antonio"]
[Black "Guijarro Galan, Jose Luis"]
[Result "0-1"]
[WhiteElo "1667"]
[BlackElo "2189"]
[PlyCount "80"]
[EventDate "2014.09.21"]
[EventType "swiss"]
[EventRounds "8"]
[EventCountry "ESP"]
[Source "lmi"]
[SourceDate "2014.09.21"]

1. e4 c5 2. Nc3 e6 3. g3 d5 4. exd5 exd5 5. Bg2 Nf6 6. f4 Nc6 7. d3 Bg4 8. Nf3
Qe7+ 9. Qe2 Bxf3 10. Qxe7+ Bxe7 11. Bxf3 Nd4 12. Bd1 O-O-O 13. O-O h5 14. Ne2
Nf5 15. h3 d4 16. Rf3 Nd5 17. c4 Nde3 18. Bxe3 Nxe3 19. f5 Bd6 20. Nf4 Bxf4 21.
Rxf4 Rde8 22. Ba4 Re5 23. Re1 Kc7 24. Kf2 Kd6 25. Kf3 a6 26. b4 Nxc4 27. bxc5+
Kxc5 28. Rxe5+ Nxe5+ 29. Ke2 b5 30. Bb3 f6 31. Kd2 h4 32. g4 a5 33. Be6 a4 34.
Rf1 Rb8 35. Rc1+ Kd6 36. Ke2 g5 37. Rc8 Rxc8 38. Bxc8 Kc5 39. Be6 Kb4 40. Bd5
Kc3 0-1

[Event "24. Open Internacional de Gros 2014 "]
[Site "San Sebastián ESP"]
[Date "2014.09.21"]
[Round "1.7"]
[White "Segovia Sanchez, Antonio"]
[Black "Tafall Villanueva, Ander"]
[Result "1-0"]
[WhiteElo "2030"]
[BlackElo "1657"]
[PlyCount "85"]
[EventDate "2014.09.21"]
[EventType "swiss"]
[EventRounds "8"]
[EventCountry "ESP"]
[Source "lmi"]
[SourceDate "2014.09.21"]

1. d4 c5 2. c3 d5 3. dxc5 e6 4. b4 Nc6 5. Bb2 b6 6. cxb6 Qxb6 7. e3 Nf6 8. Nd2
Ba6 9. Bxa6 Qxa6 10. Ne2 Ne5 11. Nc1 Bd6 12. Qe2 Qxe2+ 13. Kxe2 O-O 14. Nd3
Nxd3 15. Kxd3 Ng4 16. Ke2 Nxh2 17. f3 f5 18. Kf2 Rf6 19. g3 Rg6 20. Rag1 Rh6
21. Kg2 Rg6 22. Kxh2 Rf8 23. f4 e5 24. Nf3 exf4 25. exf4 Re8 26. Re1 Rc8 27.
Nd4 a6 28. a3 a5 29. Re2 axb4 30. axb4 Ra8 31. Nxf5 Bf8 32. Rd1 Ra2 33. Rxd5
Rc6 34. Rd3 g6 35. Ne3 Bg7 36. Nd5 Rc4 37. Kg2 Bh6 38. Kf3 g5 39. b5 Rc5 40. b6
Rb5 41. Rdd2 Raxb2 42. Rxb2 Rxd5 43. b7 1-0

[Event "24. Open Internacional de Gros 2014 "]
[Site "San Sebastián ESP"]
[Date "2014.09.21"]
[Round "1.8"]
[White "Sanchez Merino, Christian"]
[Black "Olabe Odriozola, Eduardo"]
[Result "0-1"]
[WhiteElo "1656"]
[BlackElo "1974"]
[PlyCount "76"]
[EventDate "2014.09.21"]
[EventType "swiss"]
[EventRounds "8"]
[EventCountry "ESP"]
[Source "lmi"]
[SourceDate "2014.09.21"]

1. e4 d5 2. e5 d4 3. Bb5+ c6 4. Bc4 Bf5 5. Nf3 b5 6. Bb3 d3 7. c4 e6 8. Nc3 b4
9. Nb1 a5 10. Ba4 Qb6 11. a3 Bc5 12. axb4 axb4 13. O-O Ne7 14. b3 Nd7 15. Bb2
Ng6 16. Kh1 O-O 17. Qe1 h6 18. h3 Nf4 19. Kh2 Rac8 20. Ra2 Ne2 21. Nh4 Be4 22.
f3 Bh7 23. f4 Be4 24. g3 g5 25. Ng2 Bxg2 26. Kxg2 gxf4 27. gxf4 Kh7 28. Kf3 Nb8
29. Ke4 Rcd8 30. f5 Qc7 31. f6 Rg8 32. Rf3 Qd7 33. Ra1 Bd4 34. Rxd3 Ng3+ 35.
Rxg3 Bxb2 36. Qg1 Rxg3 37. Qxg3 Qd4+ 38. Kf3 Qd3+ 0-1

[Event "24. Open Internacional de Gros 2014 "]
[Site "San Sebastián ESP"]
[Date "2014.09.21"]
[Round "2.1"]
[White "Argandona Riveiro, Inigo"]
[Black "Cejudo Urdampilleta, Jose Manu"]
[Result "1-0"]
[WhiteElo "2434"]
[BlackElo "1917"]
[PlyCount "89"]
[EventDate "2014.09.21"]
[EventType "swiss"]
[EventRounds "8"]
[EventCountry "ESP"]
[Source "lmi"]
[SourceDate "2014.09.21"]

1. c4 Nf6 2. Nf3 g6 3. Nc3 Bg7 4. e4 d6 5. d4 O-O 6. Be3 e5 7. Be2 exd4 8. Nxd4
Nc6 9. Nc2 Re8 10. f3 Be6 11. Qd2 a6 12. O-O Qe7 13. Rae1 h5 14. f4 Bg4 15. Bd3
Rad8 16. Nd5 Qd7 17. h3 Nxe4 18. Bxe4 Rxe4 19. hxg4 hxg4 20. b3 g3 21. Qd1 Rde8
22. Qf3 Nd4 23. Nxd4 c6 24. Nc2 cxd5 25. Qxg3 dxc4 26. Bf2 d5 27. Qf3 b5 28.
Rd1 d4 29. Rfe1 f5 30. Rxe4 Rxe4 31. Qg3 Kf7 32. bxc4 bxc4 33. Qa3 d3 34. Qxa6
Qe7 35. Ne3 Rxf4 36. Nd5 Qe2 37. Qa7+ Kg8 38. Re1 d2 39. Qa8+ Kh7 40. Rxe2
d1=Q+ 41. Re1 Qxe1+ 42. Bxe1 Bd4+ 43. Kh2 Rf1 44. Qb7+ Kg8 45. Ne7+ 1-0

[Event "24. Open Internacional de Gros 2014 "]
[Site "San Sebastián ESP"]
[Date "2014.09.21"]
[Round "2.2"]
[White "Guijarro Galan, Jose Luis"]
[Black "Abalia Patino, Aritz"]
[Result "1-0"]
[WhiteElo "2189"]
[BlackElo "1824"]
[PlyCount "97"]
[EventDate "2014.09.21"]
[EventType "swiss"]
[EventRounds "8"]
[EventCountry "ESP"]
[Source "lmi"]
[SourceDate "2014.09.21"]

1. e4 c5 2. Nf3 e6 3. c3 Nf6 4. Qc2 d5 5. e5 Nfd7 6. d4 Nc6 7. a3 Be7 8. Be3 c4
9. Nbd2 b5 10. Be2 a5 11. O-O a4 12. h3 h5 13. Nh2 Nf8 14. f4 g6 15. g4 hxg4
16. hxg4 Kd7 17. Kg2 Kc7 18. Rh1 Nd7 19. Ndf3 Qg8 20. Rag1 Nb6 21. Bd1 Bd7 22.
Qf2 Qg7 23. Bc2 Rag8 24. Kf1 Qf8 25. g5 Na5 26. Ng4 Rxh1 27. Rxh1 Rh8 28. Qg2
Rxh1+ 29. Qxh1 Bxa3 30. Bc1 Be7 31. Qh7 Nb3 32. Be3 a3 33. bxa3 Bxa3 34. Nh6
Na1 35. Bb1 b4 36. Qxf7 Qxf7 37. Nxf7 Be8 38. Nd6 bxc3 39. Nxe8+ Kd8 40. Bxg6
c2 41. Ng7 c1=Q+ 42. Bxc1 Bxc1 43. Nxe6+ Ke7 44. f5 c3 45. Nc5 c2 46. f6+ Kd8
47. e6 Bxg5 48. e7+ Kc7 49. Bxc2 1-0

[Event "24. Open Internacional de Gros 2014 "]
[Site "San Sebastián ESP"]
[Date "2014.09.21"]
[Round "2.3"]
[White "Peteiro Osta, Luis Angel"]
[Black "Segovia Sanchez, Antonio"]
[Result "0-1"]
[WhiteElo "1904"]
[BlackElo "2030"]
[PlyCount "36"]
[EventDate "2014.09.21"]
[EventType "swiss"]
[EventRounds "8"]
[EventCountry "ESP"]
[Source "lmi"]
[SourceDate "2014.09.21"]

1. e4 c6 2. d4 d6 3. Nf3 Nf6 4. Nbd2 Bg4 5. Be2 Bxf3 6. Bxf3 e5 7. Nb3 Nbd7 8.
c3 Be7 9. O-O O-O 10. a4 a5 11. Qe2 Re8 12. Nd2 Bf8 13. Qd3 Qc7 14. Nc4 h6 15.
Ne3 d5 16. Nf5 dxe4 17. Bxe4 exd4 18. Ng3 Nc5 0-1

[Event "24. Open Internacional de Gros 2014 "]
[Site "San Sebastián ESP"]
[Date "2014.09.21"]
[Round "2.4"]
[White "Olabe Odriozola, Eduardo"]
[Black "Markina Amutxastegi, Fernando"]
[Result "1-0"]
[WhiteElo "1974"]
[BlackElo "1782"]
[PlyCount "31"]
[EventDate "2014.09.21"]
[EventType "swiss"]
[EventRounds "8"]
[EventCountry "ESP"]
[Source "lmi"]
[SourceDate "2014.09.21"]

1. e4 d6 2. Nc3 g6 3. Bc4 Bg7 4. f4 c6 5. d3 e5 6. Nge2 Qa5 7. O-O Bg4 8. fxe5
Be6 9. Bxe6 fxe6 10. exd6 Qc5+ 11. d4 Qxd6 12. e5 Qe7 13. Ne4 Nh6 14. Bg5 Qb4
15. c3 Qb6 16. Nd6+ 1-0

[Event "24. Open Internacional de Gros 2014 "]
[Site "San Sebastián ESP"]
[Date "2014.09.21"]
[Round "2.5"]
[White "Zubia Aramburu, Mikel"]
[Black "Riesco Lecuona, Juan Manuel"]
[Result "0-1"]
[WhiteElo "1789"]
[BlackElo "1966"]
[PlyCount "52"]
[EventDate "2014.09.21"]
[EventType "swiss"]
[EventRounds "8"]
[EventCountry "ESP"]
[Source "lmi"]
[SourceDate "2014.09.21"]

1. c4 f5 2. Nc3 Nf6 3. g3 e6 4. Bg2 c6 5. e3 d5 6. cxd5 exd5 7. Nge2 Bd6 8. O-O
O-O 9. d4 Nbd7 10. Rb1 Ne4 11. b4 Rf6 12. b5 Rh6 13. Nxe4 fxe4 14. f3 Nf6 15.
Nf4 Bxf4 16. exf4 Bf5 17. Rb2 Qe7 18. g4 exf3 19. Bxf3 Nxg4 20. Bxg4 Bxg4 21.
Qe1 Qf7 22. f5 Rf6 23. bxc6 bxc6 24. Qe5 h6 25. Rb8+ Rxb8 26. Qxb8+ Kh7 0-1

[Event "24. Open Internacional de Gros 2014 "]
[Site "San Sebastián ESP"]
[Date "2014.09.21"]
[Round "2.6"]
[White "Izagirre Alsua, Aritz"]
[Black "Onate Del Moral, Daniel"]
[Result "1-0"]
[WhiteElo "1954"]
[BlackElo "1206"]
[PlyCount "33"]
[EventDate "2014.09.21"]
[EventType "swiss"]
[EventRounds "8"]
[EventCountry "ESP"]
[Source "lmi"]
[SourceDate "2014.09.21"]

1. e4 e5 2. Nf3 Nc6 3. Bb5 d6 4. c3 g6 5. O-O Bg7 6. h3 a6 7. Ba4 f5 8. exf5
Bxf5 9. d4 b5 10. Bb3 Na5 11. Bc2 Bxc2 12. Qxc2 exd4 13. Re1+ Ne7 14. Bg5 Nac6
15. Nxd4 Bxd4 16. cxd4 d5 17. Qxc6+ 1-0

[Event "24. Open Internacional de Gros 2014 "]
[Site "San Sebastián ESP"]
[Date "2014.09.21"]
[Round "2.7"]
[White "Vaquero Vicente, Jose"]
[Black "Bello Castano, Diego"]
[Result "0-1"]
[WhiteElo "1419"]
[BlackElo "1896"]
[PlyCount "86"]
[EventDate "2014.09.21"]
[EventType "swiss"]
[EventRounds "8"]
[EventCountry "ESP"]
[Source "lmi"]
[SourceDate "2014.09.21"]

1. e4 c6 2. d4 d5 3. exd5 cxd5 4. Nf3 Nc6 5. Be2 Bf5 6. a3 h6 7. Bf4 Nf6 8. h3
e6 9. Bd3 Bxd3 10. Qxd3 Qb6 11. b4 Be7 12. O-O O-O 13. Nbd2 Rfd8 14. c4 dxc4
15. Nxc4 Qb5 16. Rad1 Rac8 17. Nce5 Qd5 18. Rc1 Nxd4 19. Rxc8 Nxf3+ 20. Qxf3
Rxc8 21. Qxd5 Nxd5 22. Rc1 Rxc1+ 23. Bxc1 f6 24. Nd3 Bd6 25. Bd2 Kf7 26. f3 Nc7
27. a4 e5 28. Kf2 Ke6 29. g4 Kd5 30. Nb2 Ne6 31. b5 Ba3 32. Nd1 Bc5+ 33. Be3
Kc4 34. Bxc5 Nxc5 35. Ne3+ Kb4 36. Nf5 Ne6 37. Nd6 Kxa4 38. Ke3 Nd4 39. Ne8
Kxb5 40. Nxg7 a5 41. Ne8 a4 42. Nxf6 a3 43. Ne4 Kb4 0-1

[Event "24. Open Internacional de Gros 2014 "]
[Site "San Sebastián ESP"]
[Date "2014.09.21"]
[Round "2.8"]
[White "Ijurko Erroizena, Jose Angel"]
[Black "Tung, Siu Hung"]
[Result "0-1"]
[WhiteElo "1700"]
[BlackElo "1894"]
[PlyCount "66"]
[EventDate "2014.09.21"]
[EventType "swiss"]
[EventRounds "8"]
[EventCountry "ESP"]
[Source "lmi"]
[SourceDate "2014.09.21"]

1. e4 d6 2. d4 Nf6 3. Nc3 g6 4. Bg5 Bg7 5. f4 c6 6. Nf3 Qa5 7. Bd3 b5 8. O-O a6
9. Kh1 b4 10. Ne2 O-O 11. e5 Nd5 12. Qd2 Qc7 13. Bc4 a5 14. a3 bxa3 15. Rxa3
Bb7 16. Rfa1 Nb6 17. Bd3 c5 18. dxc5 dxc5 19. c4 Rd8 20. Qc2 Nc6 21. Nc1 Nb4
22. Qe2 Qd7 23. Ne1 a4 24. Nc2 Kf8 25. Rc3 Qc6 26. Raa3 Rd7 27. Ne1 Rad8 28.
Qf3 Qe6 29. Qe3 Rd4 30. Nf3 Nxc4 31. Bxc4 Rxc4 32. Ng1 Nc2 33. Qe2 Nxa3 0-1

[Event "24. Open Internacional de Gros 2014 "]
[Site "San Sebastián ESP"]
[Date "2014.09.21"]
[Round "2.9"]
[White "Lucas Navas, Jose Manuel"]
[Black "Arrondo Carbonell, Pablo"]
[Result "1/2-1/2"]
[WhiteElo "1869"]
[BlackElo "1636"]
[PlyCount "94"]
[EventDate "2014.09.21"]
[EventType "swiss"]
[EventRounds "8"]
[EventCountry "ESP"]
[Source "lmi"]
[SourceDate "2014.09.21"]

1. e4 c5 2. Nc3 e6 3. g3 Nc6 4. Bg2 Nf6 5. d3 d6 6. Bg5 h6 7. Be3 d5 8. exd5
Nxd5 9. Nxd5 exd5 10. Qe2 Be6 11. f4 g6 12. Nf3 d4 13. Bd2 Bg7 14. O-O O-O 15.
Nh4 Re8 16. Rae1 Bd7 17. Qf2 Bf6 18. f5 Rxe1 19. Rxe1 g5 20. Bxc6 Bxc6 21. Ng2
Qd5 22. b3 Qxg2+ 23. Qxg2 Bxg2 24. Kxg2 Kf8 25. g4 Re8 26. Kf3 Rxe1 27. Bxe1
Be5 28. h4 Ke7 29. Ke4 Kd6 30. hxg5 hxg5 31. b4 b6 32. bxc5+ bxc5 33. Ba5 f6
34. Bd2 a6 35. Bc1 Bg3 36. Bd2 Be5 37. Ba5 Kc6 38. Bd2 Kd6 39. a4 Bg3 40. c3
Be5 41. cxd4 Bxd4 42. Be1 Kc6 43. Bg3 Bg1 44. Be1 Bd4 45. Bd2 Kd6 46. Bc1 Kc6
47. Ba3 Kd6 1/2-1/2

[Event "24. Open Internacional de Gros 2014 "]
[Site "San Sebastián ESP"]
[Date "2014.09.21"]
[Round "2.10"]
[White "Elduayen Echave, Ramon"]
[Black "Zuloaga Erauskin, Markel"]
[Result "0-1"]
[WhiteElo "1758"]
[BlackElo "1543"]
[PlyCount "74"]
[EventDate "2014.09.21"]
[EventType "swiss"]
[EventRounds "8"]
[EventCountry "ESP"]
[Source "lmi"]
[SourceDate "2014.09.21"]

1. e4 d5 2. exd5 Qxd5 3. Nc3 Qa5 4. d4 Bf5 5. Nf3 Nf6 6. Bc4 e6 7. Be3 Be7 8.
Ne5 c6 9. O-O O-O 10. g4 Bg6 11. h4 Ne4 12. Nxe4 Bxe4 13. h5 Qd8 14. Qd2 Nd7
15. f4 Nxe5 16. fxe5 b5 17. Rf4 Bd5 18. Bd3 Bg5 19. Rf2 Bxe3 20. Qxe3 Qh4 21.
Rh2 Qxg4+ 22. Kf2 f6 23. Rg1 fxe5+ 24. Ke1 Qxd4 25. Bxh7+ Kxh7 26. Rxg7+ Kxg7
27. Qg5+ Kf7 28. Rf2+ Ke8 29. Qg6+ Kd7 30. Qg7+ Kd6 31. Rxf8 Qe3+ 32. Kf1 Bc4+
33. Kg2 Bd5+ 34. Kh2 Qe2+ 35. Kg1 Qd1+ 36. Kf2 Qxc2+ 37. Kg3 Qg2+ 0-1

[Event "24. Open Internacional de Gros 2014 "]
[Site "San Sebastián ESP"]
[Date "2014.09.21"]
[Round "2.11"]
[White "Aizpurua Zufiria, Inaki"]
[Black "Munoz Avila, Jose Luis"]
[Result "0-1"]
[WhiteElo "1541"]
[BlackElo "1735"]
[PlyCount "76"]
[EventDate "2014.09.21"]
[EventType "swiss"]
[EventRounds "8"]
[EventCountry "ESP"]
[Source "lmi"]
[SourceDate "2014.09.21"]

1. e4 d6 2. d4 Nf6 3. Nc3 e5 4. dxe5 dxe5 5. Qxd8+ Kxd8 6. Bg5 Be6 7. O-O-O+
Nbd7 8. Bxf6+ gxf6 9. Kb1 Bd6 10. Nge2 Ke7 11. Ng3 c6 12. Nf5+ Bxf5 13. exf5
Rad8 14. Be2 Nc5 15. Bf3 Rhg8 16. Rhe1 Bc7 17. g4 a5 18. Rxd8 Rxd8 19. Kc1 Rd4
20. Be4 Kd7 21. f3 b5 22. b3 Bd6 23. Ne2 Nxe4 24. Nxd4 Ba3+ 25. Kd1 Nc3+ 26.
Kd2 exd4 27. Kd3 Bc5 28. a3 Bb6 29. b4 axb4 30. axb4 Nd5 31. Rb1 Kd6 32. Rb3
Ke5 33. Ke2 Kf4 34. Kf1 Ne3+ 35. Ke2 Nxc2 36. Kd3 Ne3 37. Ke2 Nd5 38. Kd2 Nc3
0-1

[Event "24. Open Internacional de Gros 2014 "]
[Site "San Sebastián ESP"]
[Date "2014.09.22"]
[Round "3.1"]
[White "Riesco Lecuona, Juan Manuel"]
[Black "Argandona Riveiro, Inigo"]
[Result "0-1"]
[WhiteElo "1966"]
[BlackElo "2434"]
[PlyCount "48"]
[EventDate "2014.09.21"]
[EventType "swiss"]
[EventRounds "8"]
[EventCountry "ESP"]
[Source "lmi"]
[SourceDate "2014.09.21"]

1. e4 d6 2. d4 Nf6 3. Nc3 e5 4. d5 Be7 5. Be2 c6 6. Bg5 Nxd5 7. exd5 Bxg5 8.
Nf3 Be7 9. O-O O-O 10. Qd2 Nd7 11. Rad1 c5 12. Rfe1 f5 13. Bc4 Bf6 14. Qe2 a6
15. a4 Nb6 16. Nd2 e4 17. Ndxe4 fxe4 18. Nxe4 Nxc4 19. Qxc4 Bf5 20. Ng3 Bg6 21.
c3 Be5 22. Ne2 b5 23. axb5 axb5 24. Qxb5 Bxh2+ 0-1

[Event "24. Open Internacional de Gros 2014 "]
[Site "San Sebastián ESP"]
[Date "2014.09.22"]
[Round "3.2"]
[White "Segovia Sanchez, Antonio"]
[Black "Olabe Odriozola, Eduardo"]
[Result "1-0"]
[WhiteElo "2030"]
[BlackElo "1974"]
[PlyCount "61"]
[EventDate "2014.09.21"]
[EventType "swiss"]
[EventRounds "8"]
[EventCountry "ESP"]
[Source "lmi"]
[SourceDate "2014.09.21"]

1. d4 e5 2. c3 e4 3. d5 Bc5 4. e3 d6 5. Qa4+ Nd7 6. Qxe4+ Ne7 7. c4 O-O 8. Nf3
Nf6 9. Qc2 b5 10. b3 bxc4 11. bxc4 c6 12. Bb2 cxd5 13. Bxf6 gxf6 14. Bd3 f5 15.
O-O Nc6 16. Nc3 Nb4 17. Qe2 dxc4 18. Bxc4 Qf6 19. Rac1 Be6 20. Rfd1 Rab8 21.
Nb5 Rfd8 22. Nbd4 Rb6 23. Nxe6 fxe6 24. Bxe6+ Qxe6 25. Rxc5 Ra6 26. Ng5 Rxa2
27. Qh5 Qg6 28. Qh4 f4 29. Nxh7 Rd2 30. Qxd8+ Kxh7 31. Rc7+ 1-0

[Event "24. Open Internacional de Gros 2014 "]
[Site "San Sebastián ESP"]
[Date "2014.09.22"]
[Round "3.3"]
[White "Kogan, Artur"]
[Black "Izagirre Alsua, Aritz"]
[Result "1-0"]
[WhiteElo "2544"]
[BlackElo "1954"]
[PlyCount "71"]
[EventDate "2014.09.21"]
[EventType "swiss"]
[EventRounds "8"]
[EventCountry "ESP"]
[Source "lmi"]
[SourceDate "2014.09.21"]

1. e4 c5 2. b3 d5 3. exd5 Qxd5 4. Nc3 Qd8 5. Nf3 Nc6 6. Bb2 Nf6 7. Bb5 Bd7 8.
Qe2 e6 9. O-O-O a6 10. Bxc6 Bxc6 11. d4 cxd4 12. Nxd4 Qc7 13. Qc4 Be7 14. Nxc6
Qxc6 15. Qxc6+ bxc6 16. Rhe1 O-O 17. Ne4 Rfd8 18. Nxf6+ Bxf6 19. Bxf6 gxf6 20.
Re4 Rd5 21. Rc4 Rad8 22. Rxd5 cxd5 23. Rc6 Ra8 24. Kb2 Kf8 25. Ka3 Ke8 26. Rc7
d4 27. Kb4 Rb8+ 28. Kc4 e5 29. Rc6 a5 30. Rxf6 Rc8+ 31. Kd3 Rc3+ 32. Kd2 a4 33.
Rf5 Rc5 34. f4 axb3 35. axb3 Rc8 36. Rg5 1-0

[Event "24. Open Internacional de Gros 2014 "]
[Site "San Sebastián ESP"]
[Date "2014.09.22"]
[Round "3.4"]
[White "Bello Castano, Diego"]
[Black "Cruz, Cristhian"]
[Result "0-1"]
[WhiteElo "1896"]
[BlackElo "2569"]
[PlyCount "30"]
[EventDate "2014.09.21"]
[EventType "swiss"]
[EventRounds "8"]
[EventCountry "ESP"]
[Source "lmi"]
[SourceDate "2014.09.21"]

1. Nf3 g6 2. b3 Bg7 3. d4 c5 4. e3 Nf6 5. Bb2 O-O 6. Bd3 d5 7. h3 Nc6 8. O-O
cxd4 9. Nxd4 Nxd4 10. Bxd4 Qc7 11. Nc3 e5 12. Nb5 Qb8 13. Bb2 a6 14. Na3 e4 15.
Be2 Ng4 0-1

[Event "24. Open Internacional de Gros 2014 "]
[Site "San Sebastián ESP"]
[Date "2014.09.22"]
[Round "3.5"]
[White "Tung, Siu Hung"]
[Black "Cruz, Filemon"]
[Result "0-1"]
[WhiteElo "1894"]
[BlackElo "2442"]
[PlyCount "78"]
[EventDate "2014.09.21"]
[EventType "swiss"]
[EventRounds "8"]
[EventCountry "ESP"]
[Source "lmi"]
[SourceDate "2014.09.21"]

1. e4 e6 2. d4 d5 3. Nd2 Be7 4. Bd3 c5 5. c3 Nc6 6. Ne2 cxd4 7. exd5 dxc3 8.
Nxc3 exd5 9. O-O Nf6 10. Re1 O-O 11. Nf1 Bg4 12. Qa4 Nb4 13. Bb1 Bd7 14. Qb3
Be6 15. Qa4 a6 16. Bg5 b5 17. Qd1 Qd7 18. Qd4 Rfc8 19. Nd2 Nc6 20. Qd3 g6 21.
Qf3 Nh5 22. Bh6 Nd4 23. Qd3 Bc5 24. Nb3 Nxb3 25. axb3 d4 26. Ne4 Be7 27. Ng5
Bb4 28. Rf1 Bf5 29. Qf3 Bg4 30. Qd3 Re8 31. f3 Bf5 32. Ne4 Bf8 33. Qd2 Bxh6 34.
Qxh6 Bxe4 35. Bxe4 Ra7 36. Rfc1 Rd8 37. Rc5 Nf6 38. Bd3 Qe7 39. Qh4 Qxc5 0-1

[Event "24. Open Internacional de Gros 2014 "]
[Site "San Sebastián ESP"]
[Date "2014.09.22"]
[Round "3.6"]
[White "Munoz Avila, Jose Luis"]
[Black "Del Rey, Diego"]
[Result "0-1"]
[WhiteElo "1735"]
[BlackElo "2365"]
[PlyCount "58"]
[EventDate "2014.09.21"]
[EventType "swiss"]
[EventRounds "8"]
[EventCountry "ESP"]
[Source "lmi"]
[SourceDate "2014.09.21"]

1. d4 d5 2. c4 Bf5 3. Nc3 e6 4. Bf4 c6 5. e3 Qb6 6. Qc1 Nf6 7. Nf3 Nbd7 8. Be2
Bb4 9. O-O O-O 10. a3 Bxc3 11. Qxc3 Ne4 12. Qc1 c5 13. cxd5 exd5 14. Qd1 Qxb2
15. Rb1 Qxa3 16. Rxb7 Nc3 17. Qd2 Nxe2+ 18. Qxe2 Bd3 19. Qd2 Bxf1 20. Rxd7 Bc4
21. Bd6 Qa1+ 22. Ne1 Rfd8 23. Rxd8+ Rxd8 24. dxc5 a5 25. h3 h6 26. Kh2 Ra8 27.
Nf3 Qa2 28. Qd4 Qxf2 29. Qg4 Be2 0-1